| 000 | 00888nam a2200181Ia 4500 | ||
|---|---|---|---|
| 005 | 20250807104729.0 | ||
| 008 | 250807s9999 xx 000 0 und d | ||
| 020 | _a9780330505543 | ||
| 082 |
_a954 _bRAM |
||
| 100 | _aGuha, Ramachandra | ||
| 245 | 0 | _aIndia After Gandhi | |
| 245 | 0 | _cGuha, Ramachandra | |
| 260 | _c2008 | ||
| 300 | _a898 pages | ||
| 520 | _aAmagisterial account of the pains, the struggles, the humiliations, and the glories of the world's largest and least likely democracy, Ramachandra Guha's India After Gandhi is a breathtaking chronicle of the brutal conflicts that have rocked a giant nation and the extraordinary factors that have held it together. An intricately researched and elegantly written epic history peopled with larger-than-life characters, it is the work of a major scholar at the peak of his abilities. | ||
| 650 | _aIndia | ||
| 942 | _cENGLISH | ||
| 999 |
_c578961 _d578961 |
||